Una historia para pensar : la argentina del siglo xx /
Guardado en:
| Autor Principal: | |
|---|---|
| Otros Autores: | , , |
| Formato: | Libro |
| Publicado: |
Buenos Aires :
Kapelusz,
2010
|
| Materias: | |
| Etiquetas: |
Agregar Etiqueta
Sin Etiquetas, Sea el primero en etiquetar este registro!
|
| LEADER | 02286nam a22003975a 4500 | ||
|---|---|---|---|
| 001 | CEM.cems013521 | ||
| 008 | 130507s2010##################000#0#####d | ||
| 005 | 20220208102311.0 | ||
| 003 | CEMS | ||
| 245 | 1 | 0 | |a Una historia para pensar : |b la argentina del siglo xx / |c Graciela Browarnik ... [et Al.] |
| 260 | |a Buenos Aires : |b Kapelusz, |c 2010 | ||
| 300 | |a 280 p. | ||
| 505 | 0 | |a La historia en el siglo xx -- El mundo entre 1914 y 1930 -- La democracia ampliada -- El mundo entre 1930 y 1945 -- La Argentina y América latina -- Cambios y continuidades en el mundo del trabajo (1914-1943) -- El nuevo escenario mundial (1945-1960) -- América latina y la Argentina entre 1943 y 1955 -- El peronismo en el contexto mundial de posguerra -- El mundo entre 1960 y el fin del siglo xx -- Entre el autoritarismo y la resistencia -- América latina y la Argentina entre 1976 y 1983 -- Después del autoritarismo -- Los discursos de los presidentes argentinos | |
| 020 | |a 9789501303476 | ||
| 100 | 1 | |a Browarnik, Graciela | |
| 700 | 1 | |a Fernández, Virginia Iris | |
| 700 | 1 | |a Rizzi, Analía | |
| 700 | 1 | |a Snitcofsky, Valeria | |
| 082 | 0 | 4 | |a Z982.06 |
| 653 | |a Historia | ||
| 653 | |a Historia argentina | ||
| 653 | |a Historia argentina-siglo 20 | ||
| 859 | |a CEMS |b BIB. CEMS - 11 de abril |h 982.06 |i B81 |p 26140.11 |t Ej.1 | ||
| 859 | |a CEMS |b BIB. CEMS - Agricultura |h 982.06 |i B81 |p A1246.11 |t Ej.1 | ||
| 859 | |a CEMS |b BIB. CEMS - 11 de abril |h 982.06 |i B81 |p 26306.12 |t Ej.2 | ||
| 859 | |a CEMS |b BIB. CEMS - Agricultura |h 982.06 |i B81 |p A1255.11 |t Ej.2 | ||
| 859 | |a CEMS |b BIB. CEMS - 11 de abril |h 982.06 |i B81 |p 26307.12 |t Ej.3 | ||
| 859 | |a CEMS |b BIB. CEMS - Agricultura |h 982.06 |i B81 |p A1342.11 |t Ej.3 | ||
| 859 | |a CEMS |b BIB. CEMS - 11 de abril |h 982.06 |i B81 |p 26308.12 |t Ej.4 | ||
| 859 | |a CEMS |b BIB. CEMS - Agricultura |h 982.06 |i B81 |p A1343.11 |t Ej.4 | ||
| 859 | |a CEMS |b BIB. CEMS - 11 de abril |h 982.06 |i B81 |p 26309.12 |t Ej.5 | ||
| 859 | |a CEMS |b BIB. CEMS - Agricultura |h 982.06 |i B81 |p A2011.14 |t Ej.5 | ||
| 859 | |a CEMS |b BIB. CEMS - 11 de abril |h 982.06 |i B81 |p 26310.12 |t Ej.6 | ||
| 859 | |a CEMS |b BIB. CEMS - Agricultura |h 982.06 |i B81 |p A2012.14 |t Ej.6 | ||
| 859 | |a CEMS |b BIB. CEMS - 11 de abril |h 982.06 |i B81 |p 26311.12 |t Ej.7 | ||
| 859 | |a CEMS |b BIB. CEMS - Agricultura |h 912.82 |i Ar37-4 |p A0005.011 |t Ej.1 |v MAPA |3 MAPA | ||
